000 00589nam a2200181Ia 4500
008 151202s9999||||xx |||||||||||||| ||und||
082 _bPNVM-42116
100 _aकुलकर्णी व. दी.
245 _aमाझे गुरुकुल.
260 _b"सोहऽम प्रकाशन,पुणे."
260 _c1998
300 _a131
600 _aकुलकर्णी व. दी.
630 _aमाझे गुरुकुल.
700 _aकुलकर्णी व. दी.
730 _aमाझे गुरुकुल.
942 _cBOOK
999 _c1308068
_d1308065